<?xml version="1.0" encoding="UTF-8"?>
<collection xmlns="http://www.loc.gov/MARC21/slim">
 <record>
  <leader>03802naa a2200277 a 4500</leader>
  <controlfield tag="001">1/42889</controlfield>
  <controlfield tag="008">120829s2001    xxua     b    001 0 eng d</controlfield>
  <datafield tag="020" ind1=" " ind2=" ">
   <subfield code="a">9780127618913 (e-book : PDF)</subfield>
  </datafield>
  <datafield tag="035" ind1=" " ind2=" ">
   <subfield code="l">45765</subfield>
  </datafield>
  <datafield tag="040" ind1=" " ind2=" ">
   <subfield code="a">OPELS</subfield>
   <subfield code="c">OPELS</subfield>
   <subfield code="d">GR-PeUP</subfield>
  </datafield>
  <datafield tag="041" ind1="0" ind2=" ">
   <subfield code="a">eng</subfield>
  </datafield>
  <datafield tag="245" ind1="0" ind2="0">
   <subfield code="a">Learning and teaching on the World Wide Web</subfield>
   <subfield code="h">[electronic resource] /</subfield>
   <subfield code="c">edited by Christopher R. Wolfe.</subfield>
  </datafield>
  <datafield tag="260" ind1=" " ind2=" ">
   <subfield code="a">San Diego , Calif. :</subfield>
   <subfield code="b">Academic Press,</subfield>
   <subfield code="c">c2001.</subfield>
  </datafield>
  <datafield tag="300" ind1=" " ind2=" ">
   <subfield code="a">Ένα html e-book.</subfield>
  </datafield>
  <datafield tag="500" ind1=" " ind2=" ">
   <subfield code="a">Περιέχει βιβλιογραφία και ευρετήριο.</subfield>
  </datafield>
  <datafield tag="505" ind1="0" ind2=" ">
   <subfield code="a">Contributors. -- About the Authors. -- Preface. -- Acknowledgments. -- C.R. Wolfe, Learning and Teaching on the World Wide Web. -- V.F. Reyna, C.J. Brainerd, J. Effken, R. Bootzin, and F.J. Lloyd, The Psychology of Human-Computer Mismatches. -- M.D. Anderson, Individual Characteristics and Web-Based Courses. -- M.A. Britt and G.L. Gabrys, Teaching Advanced Literacy Skills for the World Wide Web. -- C.R. Wolfe, Creating Informal Learning Environments on the World Wide Web. -- L.W. Sherman, Cooperative Learning and Computer-Supported Intentional Learning Experiences. -- G. Riva, From Real to Virtual Communities: Cognition, Knowledge, and Interaction in the World Wide Web. -- N. Hammond and A. Trapp, How Can the Web Support the Learning of Psychology? -- C.H. Jazwinski, Gender Identities on the World Wide Web. -- J. Morahan-Martin, Caught in the Web: Research and Criticism of Internet Abuse with Application to College Students. -- A.N. Joinson and T. Buchanan, Doing Educational Research on the Internet. -- J. Wiley and J.W. Schooler, The Mental Web: Pedagogical and Cognitive Implications of the Net. -- Author Index. -- Subject Index.</subfield>
  </datafield>
  <datafield tag="520" ind1=" " ind2=" ">
   <subfield code="a">This book is about using the Internet as a teaching tool. It starts with the psychology of the learner and looks at how best to fit technology to the student, rather than the other way around. The authors include leading authorities in many areas of psychology, and the book takes a broad look at learners as people. Thus, it includes a wide range of materials from how the eye &quot;reads&quot; moving graphs on a Web page to how people who have never met face-to-face can interact on the Internet and create &quot;communities&quot; of learners. The book considers many Internet technologies, but focuses on the World Wide Web and new &quot;hybrid&quot; technologies that integrate the Web with other communications technologies. This book is essential to researchers is psychology and education who are interested in learning. It is also used in college and graduate courses in departments of psychology and educational psychology. Teachers and trainers at any level who are using technology in their teaching (or thinking about it) find this book very useful. Key Features * Distinguished authors with considerable expertise in their fields * Broad &quot;intra-disciplinary&quot; perspective on learning and teaching on the Web * Focus on the Web and emerging Web-based technologies * Special attention to conducting educational research on-line * Emphasis on the Social and Psychological Context * Analyses of effective Web-based learning resources * Firmly grounded in contemporary psychological research and theory.</subfield>
  </datafield>
  <datafield tag="533" ind1=" " ind2=" ">
   <subfield code="a">Ηλεκτρονικό βιβλίο</subfield>
   <subfield code="n">Τρόπος πρόσβασης μέσω διαδικτύου.</subfield>
  </datafield>
  <datafield tag="650" ind1=" " ind2="4">
   <subfield code="a">Internet in education</subfield>
   <subfield code="x">Psychological aspects.</subfield>
  </datafield>
  <datafield tag="650" ind1=" " ind2="4">
   <subfield code="a">World Wide Web.</subfield>
  </datafield>
  <datafield tag="655" ind1=" " ind2="4">
   <subfield code="a">Electronic books.</subfield>
  </datafield>
  <datafield tag="700" ind1="1" ind2=" ">
   <subfield code="a">Wolfe, Christopher R.</subfield>
  </datafield>
  <datafield tag="852" ind1=" " ind2=" ">
   <subfield code="a">INST</subfield>
   <subfield code="b">UNIPILB</subfield>
   <subfield code="c">EBOOKS</subfield>
   <subfield code="e">20120829</subfield>
   <subfield code="p">00b45765</subfield>
   <subfield code="q">00b45765</subfield>
   <subfield code="t">ONLINE</subfield>
   <subfield code="y">0</subfield>
  </datafield>
  <datafield tag="856" ind1="4" ind2="0">
   <subfield code="u">http://www.sciencedirect.com/science/book/9780127618913</subfield>
  </datafield>
  <datafield tag="856" ind1="4" ind2="1">
   <subfield code="3">Table of contents</subfield>
   <subfield code="u">http://www.loc.gov/catdir/toc/els031/00110179.html</subfield>
  </datafield>
  <datafield tag="856" ind1="4" ind2=" ">
   <subfield code="d">/webopac/covers/03/45765_9780127618913.jpg</subfield>
   <subfield code="z">(e-book : PDF)</subfield>
  </datafield>
 </record>
</collection>
